000 01010cam a2200313 i 4500
001 14464313
003 EG-ScBUE
005 20260125093511.0
008 060724t2007 flua frb 001 0 eng d
020 _a1584885696
020 _a9781584885696
040 _aDLC
_beng
_erda
_cDLC
_dBAKER
_dC#P
_dYDXCP
_dDLC
_dEG-ScBUE
082 0 4 _222
_a572.80285
_bTRA
100 1 _aTramontano, Anna,
_eauthor.
_939471
245 1 0 _aIntroduction to bioinformatics /
_cAnna Tramontano.
264 1 _aBoca Raton :
_bChapman & Hall / CRC,
_c[2007]
264 4 _cc2007
300 _a174 pages :
_billustrations ;
_c24 cm.
336 _2rdacontent
_atext
_btxt
337 _aunmediated
_2rdamedia
_bn
338 _avolume
_bnc
_2rdacarrier
490 0 _aChapman and Hall/CRC mathematical & computational biology series
504 _aIncludes bibliographical references and index.
650 7 _aBioinformatics.
_2BUEsh
_95545
651 _2BUEsh
653 _bCOMSCI
_cJanuary2017
655 _vReading book
942 _2ddc
_cBB
999 _c23797
_d23769